000 01073nam a2200289Ia 4500
003 OSt
005 20221005110138.0
006 a|||||r|||| 00| 0
007 ta
008 221004b |||||||| |||| 00| 0 urd d
020 _c75
024 _a93177
037 _b531, 19/03/2009, Vani Prakashan
_cTextual
040 _aCRL
_cCRL
_burd
041 _2urd
_aurd
082 _aO168,1M01:g, 152N1
100 _aजै़दी, अली जवाद
245 0 _aमीर अनीस
246 _aMīr anīsa
260 _aनई दिल्ली
_bसाहित्य अकादेमी भारत
_c1991
300 _a112पृ0
_ccm.
490 _aभारतीय साहित्य के निर्माता
650 _aउर्दू साहित्य
700 _a पाण्डे, आशा, अनु.
942 _hO168,1M01:g, 152N1
_cTEXL
_2cc
999 _c1017939
_d1017939